Los peregrinos del Mayflower i su influencia americana. Discurso pronunciado en el acto solemne celebrado en el Santiago College por algunos miembros de la colonia norteamericana, en conmemoración del Tercer Centenario de la llegada de los peregrinos del Mayflower a las costas de la Nueva Inglaterra
Furkejuvvon:
| Váldodahkki: | |
|---|---|
| Materiálatiipa: | Girji |
| Giella: | espánnjágiella |
| Almmustuhtton: |
Santiago
Imprenta Universitaria
1921
|
| Preanttus: | 1a. ed |
| Fáttát: | |
| Fáddágilkorat: |
Lasit fáddágilkoriid
Eai fáddágilkorat, Lasit vuosttaš fáddágilkora!
|
MARC
| LEADER | 00000nam a2200000 a 4500 | ||
|---|---|---|---|
| 001 | UCJ6760 | ||
| 003 | CL-VaPUC | ||
| 008 | 070124e19210000CL |||||||||||||||||spa|d | ||
| 082 | 0 | 4 | |a 973 |b ALF |2 21 |
| 100 | |a Alfonso, José A |e author |9 507297 | ||
| 245 | 1 | 4 | |a Los peregrinos del Mayflower i su influencia americana. Discurso pronunciado en el acto solemne celebrado en el Santiago College por algunos miembros de la colonia norteamericana, en conmemoración del Tercer Centenario de la llegada de los peregrinos del Mayflower a las costas de la Nueva Inglaterra |
| 250 | |a 1a. ed | ||
| 300 | |a 16 p | ||
| 942 | |c BK | ||
| 945 | |d 20070124 00:00:00 |a rinostro | ||
| 260 | |a Santiago |b Imprenta Universitaria |c 1921 | ||
| 650 | 0 | |a Discursos |9 265028 | |
| 650 | 7 | |a DERECHO INTERNACIONAL PUBLICO |2 CL-VaPUC |9 514048 | |
| 650 | 7 | |a DOCTRINA MONROE |2 CL-VaPUC |9 314895 | |
| 650 | 7 | |a MARCA TIPOGRAFICA |2 CL-VaPUC |9 506100 | |
| 650 | 7 | |a NORTEAMERICANOS |2 CL-VaPUC |9 504368 | |
| 651 | 7 | |a ESTADOS UNIDOS DE NORTEAMERICA |2 CL-VaPUC |9 316036 | |
| 583 | |a last modification |c 20121221 11:22:11 |k Rodrigo Vera | ||
| 999 | |c 322862 |d 322860 | ||
| 952 | |0 0 |1 0 |4 0 |6 973_000000000000000_ALF_1921 |7 0 |8 X |9 401991 |a FDOBUD |b FDOBUD |d 2019-11-22 |i 1052543 |o 973 ALF 1921 |p 1052543 |r 2019-11-22 |w 2019-11-22 |y BK_X |k BUD | ||